00968nam a2200289 i 4500001000400000100003100004245009000035260005800125300002700183490002500210500008000235505008900315650004100404650001600445650001400461650001200475650002600487650001700513650001100530655001200541700002200553830002500575020002100600040000800621041000800629008004100637bgj1 aJAMES, Henryd(1843-1916).10aThe Bostonians /cHenry James ; edited with an introduction and notes by R.D. Gooder. aOxford ;aNew York :bOxford University Press,c1990. aXLII, 457 pp ;c19 cm.1 aThe World's Classics aReprint (with minor corr.) to the 1st World's Classics pbk edition of 1984. aIncludes note on the text, further reading, chronology of the author and appendixes. 9aTriangles (|Interpersonal relations) 9aYoung women 9aFeminists 9aCousins 9aPsychological fiction 9aLove stories 9aSatire aFiction1 aGOODER, R.D.eed. aThe World's Classics a019281639X (pbk) cBPK0 aeng s uk f |000 0 eng